00655nam a2200277Ia 4500008004000000041000800040082001100048100004000059245008700099260004100186300000900227440000600236650000800242650001200250650000700262650001200269650001400281650000700295650001300302650000800315650001300323650001400336650001000350650001100360650000600371210210b1942 xxu||||| |||| 00| 0 eng d aeng a020/12 aLUFF (Arthur P) & CANDY (Hugh C H). aImperial library author catalogue of printed books in european languages Vol 3 F-H aCalcuttabGovernment of India,c1942 a1543 a3 aVol aprinted aof alibrary alanguages ain aImperial aF-H aeuropean acatalogue abooks aauthor a3